Plus Grandes Villes de France par Lettre - A - Statistiques

Statistiques générales
  • Ce quiz a été pris 686 fois
  • Le résultat moyen est 13 sur 20
Réponses sur la Carte
Les réponses sont colorées sur une échelle allant du rouge au vert en fonction du pourcentage des utilisateurs qui les ont devinées à leur premier essai. Vous pouvez retrouver ces pourcentages ci-dessous.
 
Statistiques - réponses
Population Ville % Correct
73 822 Ajaccio
94%
157 175 Angers
91%
133 625 Amiens
90%
131 715 Annecy
86%
90 330 Avignon
82%
147 478 Aix-en-Provence
81%
50 415 Arles
71%
42 600 Arras
71%
75 130 Antibes
70%
49 714 Albi
63%
90 071 Aubervilliers
58%
107 221 Argenteuil
57%
43 892 Alès
54%
41 153 Anglet
47%
52 118 Les {Abymes}
47%
89 662 Asnières-sur-Seine
46%
63 232 Antony
44%
47 342 Aubagne
42%
86 135 Aulnay-sous-Bois
39%
45 046 Alfortville
23%
Aucun quiz correspondant
Distribution des résultats
% des personnes avec chaque résultat
Percentile par nombre de réponses
Votre historique - résultats
Vous n’avez pas pris ce quiz